| 000 | 00559nam a2200193 a 4500 | ||
|---|---|---|---|
| 005 | 20241024063720.0 | ||
| 008 | 080508s1990 mx r 000 0 spa d | ||
| 020 | _a0863771343 | ||
| 035 | _aUPN01000155817 | ||
| 049 | _aCG | ||
| 050 | 4 |
_aBF575 H2.7 _bE9.4 |
|
| 100 | 1 | _aEysenck, Michael W. | |
| 245 | 1 | 0 |
_aHappiness : _bfacts and myths / _cMichael W. Eysenck. |
| 260 |
_aSussex, Eng. : _bLawrence Erlbaum Associates, _c1990. |
||
| 300 | _aix, 132 p. | ||
| 650 | 2 |
_aFelicidad _919377 |
|
| 650 | 4 |
_aFelicidad _xAspectos psicológicos _98784 |
|
| 905 | _aLibro | ||
| 999 |
_c127931 _d127931 |
||